| 000 | 01336nas a2200241 454500 | ||
|---|---|---|---|
| 001 | 70 | ||
| 005 | 20260407193503.0 | ||
| 008 | 260407s1999####ag###########|||spa#d | ||
| 003 | AR-UNSa-BCEJYS | ||
| 040 |
_aAR-UNSa-BCEJYS _bspa _cAR-UNSa-BCEJYS |
||
| 080 |
_a658 _xAdministración de empresas. Organización comercial |
||
| 245 | 1 | 0 |
_aProfesional & Empresaria _pD&G |
| 264 | 1 |
_aBuenos Aires : _bErrepar _c1999 |
|
| 310 | _aMensual Cambia de Dir. a partir del Nº 94 por Armando Casal | ||
| 505 | _aPublicación mensual encuadernable, dedicada a temas de contabilidad, auditoría, costos, planeamiento y control, administración, negociación y mediación, finanzas y economía empresaria y comercio electrónico, entre otros. Su contenido integra una cabal conjunción de doctrina con ensayos académicos, informes técnicos y diversos trabajos de consultoría y asesoría. Asimismo se incluyen también secciones de ju-risprudencia profesional (íntegra, comentada y sumaria) y de documentación técnica con los pronunciamientos más relevantes. | ||
| 041 | _aspa | ||
| 942 | _cSER | ||
| 590 | _aniveau_biblio:s niveau_hierar:1 | ||
| 100 | 1 | _aWainstein, Mario | |
| 650 | _aCONTABILIDAD | ||
| 650 | _aADMINISTRACION FINANCIERA | ||
| 856 | 4 | 1 |
_uhttps://biblioeco.unsa.edu.ar/pmb/images/revistas/R21032.jpg _yImagen de portada _qimage/jpeg |
| 999 |
_c8361 _d8361 |
||